| 000 | 00506nam a2200169 i 4500 | ||
|---|---|---|---|
| 001 | 23248 | ||
| 003 | ES-MaACL | ||
| 005 | 20231228062554.0 | ||
| 007 | t| | ||
| 008 | 021209s1956 sp ||||1| spa d | ||
| 100 | 1 |
_aAlonso, Dámaso, _d1898-1990 _920195 |
|
| 245 | 1 | 0 |
_aEn la Andalucía de la E. Dialectología pintoresca / _cDámaso Alonso. |
| 260 |
_aMadrid : _b[s.n., _c1956] ( _fArtes Gráf. Clavideño) |
||
| 300 |
_a34 p. ; _c20 cm. |
||
| 852 |
_aES-MaACL _j1999-F-6 _bR.39720 |
||
| 999 |
_c23248 _d23248 |
||